Uveal malignant melanoma and stereotactic radiosurgery intraocular uveal melanoma and one-day session stereotactic radiosurgery at linear accelerator

Podrobná bibliografia
Hlavní autori: Furdová, Alena, 1963- (Autor), Šramka, Miron, 1940- (Autor)
Médium: Kniha
Jazyk:angličtina
Fyzický popis:181 strán fotografie, grafy, ilustrácie, schémy, tabuľky 22 cm
Vydavateľské údaje: Saarbrücken LAP LAMBERT Academic Publishing [2014]
ISBN:9783659610424
Predmet:

MARC

LEADER 00000cam a2200000 4500
001 vtls011751021
003 SK-MaSNL
005 20260301183223.0
008 200205s2014 gw oda frn 000 0 eng
015 |a SNBZSA2018/06 
020 |a 9783659610424  |q (brožované) 
035 |a urn:nbn:sk:snk-am00d7y9 
035 |a urn:nbn:sk:snk-am3hsq3 
035 |a AEA8262B-227E-4089-8BEA-D613FBF6DCE9 
040 |a SNK  |b slo  |c SNK  |e rda 
041 0 |a eng  |b eng 
044 |a gw  |c DE 
072 7 |a 617  |x Ortopédia. Chirurgia. Oftalmológia  |2 konspekt 
080 |a 617.7  |2 2011 
080 |a 617.7-006  |2 2011 
080 |a 616-006.81  |2 2011 
080 |a 617-089:615.849.2  |2 2001 
080 |a (048.8)  |2 2011 
100 1 |a Furdová, Alena,  |d 1963-  |4 aut  |9 209798 
245 1 0 |a Uveal malignant melanoma and stereotactic radiosurgery  |b intraocular uveal melanoma and one-day session stereotactic radiosurgery at linear accelerator  |c Alena Furdova , Miron Sramka 
264 1 |a Saarbrücken  |b LAP LAMBERT Academic Publishing  |c [2014] 
264 4 |c ©2014 
300 |a 181 strán  |b fotografie, grafy, ilustrácie, schémy, tabuľky  |c 22 cm 
336 |a text  |b txt  |2 rdacontent 
337 |a bez média  |b n  |2 rdamedia 
338 |a zväzok  |b nc  |2 rdacarrier 
500 |a Dokument obsahuje zoznam skratiek 
500 |a Rib titulnej strany aj v nemčine 
504 |a Bibliografia na strane 160-181 
546 |a Celý dokument aj resumé v angličtine 
650 0 7 |a oftalmológia  |2 SNKPH  |9 910 
650 0 7 |a očné nádory  |2 SNKPH  |9 50862 
650 0 7 |a melanómy  |2 SNKPH  |9 50845 
650 0 7 |a Ophthalmology  |2 SNKPHeng  |9 268335 
650 0 7 |a Eye tumors  |2 SNKPHeng  |9 341772 
650 0 7 |a Melanomas  |2 SNKPHeng  |9 490121 
650 0 7 |a očné choroby  |2 SNKPH  |9 1166 
650 0 7 |a Eye diseases  |2 SNKPHeng  |9 305697 
650 0 7 |a rádiochirurgia  |2 SNKPH  |9 14524 
650 0 7 |a Radiosurgery  |2 SNKPHeng  |9 542804 
655 7 |a štúdie  |2 SNKPH  |9 57033 
655 7 |a Studies  |2 NKPHeng  |9 265573 
700 1 |a Šramka, Miron,  |d 1940-  |4 aut  |9 242637 
919 |a 978-3-659-61042-4 
958 |a ZS 
958 |a DE 
958 |a NB 
958 |a MI 
999 |c 856232  |d 858162 
952 |a SNK  |b SNK  |y PREZ  |7 0  |p 17A1324016  |o snkSC 179339  |i snk2018/9819  |8 4  |g 43.10  |0 0  |1 0  |4 0  |d 2018-04-16  |f 1  |l 0  |r 2026-02-24 04:56:54  |w 2026-02-24